Missing Word: Anne Hathaway Quiz Stats

 Plays Quiz Updated Feb 26, 2020

Support Sporcle.
Go Orange.
Score 0/20 Timer 03:00
1 Play Today
Movie Title Missing Word % Correct
Alice in ____Wonderland
97.4%
The ____ Wears PradaDevil
96.7%
Alice Through the ____ GlassLooking
89.5%
The Princess ____Diaries
88%
Les ____Misérables
85.1%
____ and Other DrugsLove
83.8%
The Dark ____ RisesKnight
83.7%
Get ____Smart
77.4%
____ WarsBride
70.4%
Ella ____Enchanted
66.1%
Movie Title Missing Word % Correct
____ MountainBrokeback
65%
____ NicklebyNicholas
53%
____ 8Ocean's
52.8%
One ____Day
50.3%
____ Getting MarriedRachel
34.9%
____ JaneBecoming
34.4%
____ WatersDark
29.6%
Don ____Jon
19.5%
____ DayValentine's
14.1%
The Other Side of ____Heaven
10%

Today's Daily Dose

Missing Word
90s UK #1s

Word Ladder
Full Score

Quick Pick
Prime Books

Get the Picture
Big 4 'P' All-Stars

From the Vault

NFL Passing 30,000 Yards, 250 TDs

by Joshie_the_great

Sports 6m
Perfect passing is positively prolific for these pigskin players.
Remove Ads.
Support Sporcle.
Get the best of Sporcle when you Go Orange. This ad-free experience offers more features, more stats, and more fun while also helping to support Sporcle. Thank you for becoming a member.

Show Comments

Extras

Top Quizzes Today


Score Distribution

Your Account Isn't Verified!

In order to create a playlist on Sporcle, you need to verify the email address you used during registration. Go to your Sporcle Settings to finish the process.

Report this User

Report this user for behavior that violates our Community Guidelines.

Details: